Music Quiz

Random Music or Rock Quiz

Musicians by Fan Products Quiz Stats

 Plays Quiz Updated Oct 3, 2014

Score 0/20 Timer 06:00
21 Plays Today
% Correct
Michael Jackson
96.4%
Elvis Presley
96.3%
Bob Marley / The Wailers
96%
The Beatles (from their film Yellow Submarine)
92.2%
Freddie Mercury / Queen
90.7%
Jimi Hendrix
90.4%
The Rolling Stones
90.3%
KISS / Paul Stanley
90.1%
Elton John
87.9%
Amy Winehouse
87.8%
% Correct
Village People
81.5%
Katy Perry
79.1%
Slash / Guns N' Roses
74.9%
Prince
73.8%
Nirvana
70.7%
Bono / U2
68.9%
ABBA
58.5%
Red Hot Chili Peppers
55.9%
Led Zeppelin (Band members' symbols appearing in 4th Led Zeppelin album)
48.2%
Bob Dylan
43.3%

You're not logged in!

Compare scores with friends on all Sporcle quizzes.
OR
Log In

You Might Also Like...

Show Comments

Extras

Top Quizzes Today


Score Distribution

Your Account Isn't Verified!

In order to create a playlist on Sporcle, you need to verify the email address you used during registration. Go to your Sporcle Settings to finish the process.

Report this User

Report this user for behavior that violates our Community Guidelines.

Details: